000 00530nab a2200181 4500
999 _c235895
_d235895
001 145
003 OSt
005 20210719133755.0
007 tu
008 ||||||||||||
040 _aDE-2950
_cDE-2950
245 0 4 _aDas Auffanglager Küstrin/ Alt-Drewitz 1945 /
_cAndy Steinhauf
260 _c2021
653 _aKüstrin-Kiez <Märkisch Oderland>
653 _aFlüchtlingslager
773 0 _g122. Jg. (2021) Heft 1-2, S. 45-52
_tMitteilungsblatt Landesgeschichtliche Vereinigung für die Mark Brandenburg
942 _2z
_cA